000
00423nam a2200145Ia 4500
008
090122s9999 xx 000 0 und d
082
_b
8390
_a
891.4681
100
_a
काणेकर
_b
अनंत
245
_a
चौकोनी आकाश
600
_a
काणेकर
630
_a
चौकोनी आकाश
700
_a
काणेकर
730
_a
चौकोनी आकाश
942
_c
BOOK
999
_c
32467
_d
32467